000 00434nam a22001817a 4500
003 MPLRDC
005 20220104124727.0
008 210129b ||||| |||| 00| 0 eng d
020 _a962-374-007-7
082 _a719.7 ZJH
100 _a张健华
245 _a细说澳洲
_c
250 _a一版一刷
260 _a
_b香港文汇出版社有限公
_c1990
300 _b
650 _a澳洲游记
942 _cBK
_o719.7 ZJH
999 _c21671
_d21661